000
00250nam a2200109Ia 4500
008
190216s9999||||xx |||||||||||||| ||und||
100
_a
Roy Thomas
245
0
_a
Eavan Ende Priya C J
260
_b
Sreeni Printers
650
_a
Oormakurip
942
_c
BK
999
_c
26946
_d
26946